000
00322cam a2200133ua 4500
082
_a
624.15136
_b
SHA/SO
100
_a
Shamshen, Prakash .
_9
1549
245
_a
Soil Dynamics /
250
_a
1 /
260
_a
New York :
_b
McGraw Hill Book Company ,
_c
1981.
300
_a
426 ; .
500
_a
** Reference
942
_c
BK
999
_c
10170
_d
10170